Catálogo
 En Linea

Cuestiones políticas y sociales / (Registro nro. 35556)

Detalles MARC
000 -CABECERA
campo de control de longitud fija 01515nam a2200277 a 4500
001 - NÚMERO DE CONTROL
campo de control 000036065
005 - FECHA Y HORA DE LA ÚLTIMA TRANSACCIÓN
campo de control 20240316073920.0
008 - DATOS DE LONGITUD FIJA--INFORMACIÓN GENERAL
campo de control de longitud fija 111125s2012 dr 001 0 spa d
020 ## - NÚMERO INTERNACIONAL ESTÁNDAR DEL LIBRO
Número Internacional Estándar del Libro 9789945074499
040 ## - FUENTE DE LA CATALOGACIÓN
Centro catalogador/agencia de origen DO-SdBNP
Lengua de catalogación spa
Centro/agencia transcriptor BNPHU
082 ## - NÚMERO DE LA CLASIFICACIÓN DECIMAL DEWEY
Número de clasificación 972.93
Número de documento/Ítem P792c
049 ## - FONDOS LOCALES (OCLC)
Fondos de biblioteca BNPD
100 1# - ENTRADA PRINCIPAL--NOMBRE DE PERSONA
Nombre de persona Ponce de León, Santiago,
Fechas asociadas al nombre 18-?-1893
9 (RLIN) 62100
245 10 - MENCIÓN DE TÍTULO
Título Cuestiones políticas y sociales /
Mención de responsabilidad, etc. Santiago Ponce de León ; editor Andrés Blanco Díaz.
260 ## - PUBLICACIÓN, DISTRIBUCIÓN, ETC.
Lugar de publicación, distribución, etc. Santo Domingo :
Nombre del editor, distribuidor, etc. Archivo General de la Nación,
Fecha de publicación, distribución, etc. 2012.
300 ## - DESCRIPCIÓN FÍSICA
Extensión 411 p. :
Otras características físicas 23 cm.
490 1# - MENCIÓN DE SERIE
Mención de serie Archivo General de la Nación
Designación de volumen o secuencia 160
505 0# - NOTA DE CONTENIDO CON FORMATO
Título El Dr Santiago Ponce de León y las cuestiones políticas y sociales /
Mención de responsabilidad Andrés Blanco Díaz --
Título Apuntes biográficos sobre la vida del eminente ciudadano Ulises P. Espaillat ..
-- Estudio social --
-- Cuestión Domínico-española --
-- Defensa del Opúsculo Cuestión Domínico-española --
-- El 10 de septiembre en Santo Domingo --
-- Vindicación --
-- Textos sueltos --
-- Apéndice: Un opúsculo de actualidad --
Información miscelánea Índice onomástico.
650 #4 - PUNTO DE ACCESO ADICIONAL DE MATERIA--TÉRMINO DE MATERIA
Término de materia o nombre geográfico como elemento de entrada Ensayos venezolanos
9 (RLIN) 4376
651 #4 - PUNTO DE ACCESO ADICIONAL DE MATERIA--NOMBRE GEOGRÁFICO
Nombre geográfico República Dominicana
Subdivisión general Política Y Gobierno
-- Ensayos, Conferencias, Etc.
9 (RLIN) 1167
651 #4 - PUNTO DE ACCESO ADICIONAL DE MATERIA--NOMBRE GEOGRÁFICO
Nombre geográfico República Dominicana
Subdivisión general Condiciones Sociales
-- Ensayos, Conferencias, Etc.
9 (RLIN) 1166
651 #4 - PUNTO DE ACCESO ADICIONAL DE MATERIA--NOMBRE GEOGRÁFICO
Nombre geográfico Venezuela
Subdivisión general Condiciones Sociales
-- Ensayos, Conferencias, Etc.
9 (RLIN) 62101
700 1# - PUNTO DE ACCESO ADICIONAL--NOMBRE DE PERSONA
Nombre de persona Blanco Díaz, Andrés
Término indicativo de función/relación ed.
9 (RLIN) 172
830 #0 - PUNTO DE ACCESO ADICIONAL DE SERIE-TÍTULO UNIFORME
Título uniforme Archivo General de la Nación
Número de parte o sección de la obra 160
9 (RLIN) 62102
910 ## - DATOS DE OPCIÓN DEL USUARIO (OCLC)
Datos de opción del usuario Validado. Control de calidad EMS.
Existencias
Estado de retiro Estado de pérdida No para préstamo Código de colección Localización permanente Ubicación/localización actual Ubicación en estantería Fecha de adquisición Número de inventario Total de préstamos Signatura topográfica completa Código de barras Fecha visto por última vez Precio válido a partir de Tipo de ítem Koha Nota pública Número de copia Restricciones de uso
    Excluido de préstamo Patrimonio Dominicano Patrimonio Dominicano Patrimonio Dominicano Depósito 25.11.2011 LF1   972.93 P792c 36065-10 25.06.2020 25.06.2020 Libro y Folleto Colección Patrimonio Dominicano Perteneció a la biblioteca personal de Chiqui Vicioso / Fidelio Despradel.    
    Excluido de préstamo Patrimonio Dominicano Patrimonio Dominicano Patrimonio Dominicano Depósito 13.11.2012 LF1   972.93 P792c 36065-20 25.06.2020 25.06.2020 Libro y Folleto Colección Patrimonio Dominicano   e. 2  
      Dominicana de Servicio Patrimonio Dominicano Patrimonio Dominicano Depósito 13.11.2012 LF1   972.93 P792c 36065-30 25.06.2020 25.06.2020 Libro y Folleto Colección Dominicana de Servicio   e. 3  
      Dominicana de Servicio Patrimonio Dominicano Patrimonio Dominicano Depósito 10.05.2013 LF1   972.93 P792c 36065-40 25.06.2020 25.06.2020 Libro y Folleto Colección Dominicana de Servicio   e. 4  
      Dominicana de Servicio Patrimonio Dominicano Patrimonio Dominicano Depósito 25.06.2015 LF1   972.93 P792c 36065-50 25.06.2020 25.06.2020 Libro y Folleto Colección Dominicana de Servicio Perteneció a la biblioteca personal de Chiqui Vicioso / Fidelio Despradel. e. 5  

Con tecnología Koha